Statistics for Divided Country Name Puzzle #1

Click here to take the quiz!

General Stats

  • This quiz has been taken 46,369 times
    (46,302 since last reset)
  • The average score is 14 of 20

Answer Stats

Country Name % Correct
AFGHANISTANAfghanistan
99%
PARAGUAYParaguay
95%
NEWZEALANDNew Zealand
91%
VENEZUELAVenezuela
89%
AZERBAIJANAzerbaijan
82%
NICARAGUANicaragua
81%
DJIBOUTIDjibouti
78%
TANZANIATanzania
77%
BARBADOSBarbados
74%
CROATIACroatia
72%
THAILANDThailand
71%
SRILANKASri Lanka
65%
BELGIUMBelgium
59%
DENMARKDenmark
53%
UGANDAUganda
52%
ROMANIARomania
51%
LESOTHOLesotho
49%
MONTENEGROMontenegro
47%
ESWATINIEswatini
41%
CAMBODIACambodia
35%

Score Distribution

Percentile by Number Answered

Percent of People with Each Score

Your Score History

You have not taken this quiz since the last reset